000 00341nam a2200133Ia 4500
005 20260326235506.0
008 260326s9999||||xx |||||||||||||| ||und||
100 _aEngel, Heino
245 0 _aSistemas de Estructuras = Sistemas estruturais /
_cHeino Engel
260 _bGustavo Gili
300 _a352 p.
650 _aESTRUCTURAS
942 _cBK
999 _c8185
_d8185